• AIU
  • Tony Wilmot Memorial Library

International language assessment conference (Record no. 63956)

MARC details
000 -LEADER
fixed length control field 00568nam a22002057a 4500
005 - DATE AND TIME OF LATEST TRANSACTION
control field 20170619150146.0
008 - FIXED-LENGTH DATA ELEMENTS--GENERAL INFORMATION
fixed length control field 130911b xxu||||| |||| 00| 0 eng d
020 ## - INTERNATIONAL STANDARD BOOK NUMBER
International Standard Book Number 0883127202
040 ## - CATALOGING SOURCE
Original cataloging agency NTC
082 04 - DEWEY DECIMAL CLASSIFICATION NUMBER
Classification number 417
100 1# - MAIN ENTRY--PERSONAL NAME
Personal name Green, Horsleys
245 00 - TITLE STATEMENT
Title International language assessment conference
Statement of responsibility, etc Horsleys Green
260 ## - PUBLICATION, DISTRIBUTION, ETC. (IMPRINT)
Place of publication, distribution, etc Dallas
Name of publisher, distributor, etc Summer Institute of Linguistics
Date of publication, distribution, etc 1991
300 ## - PHYSICAL DESCRIPTION
Extent VII, 287 p.
336 ## -
-- rdacontent
-- text
337 ## -
-- rdamedia
-- unmediated
338 ## -
-- rdacarrier
-- volume
650 #0 - SUBJECT ADDED ENTRY--TOPICAL TERM
Source of heading or term Library of Congress
942 ## - ADDED ENTRY ELEMENTS (KOHA)
Suppress in OPAC 1
Source of classification or shelving scheme

No items available.